000 00571nam a2200229Ia 4500
003 OSt
005 20220918200310.0
006 a|||||r|||| 00| 0
007 ta
008 220917b |||||||| |||| 00| 0 eng d
024 _a88,220
037 _cTextual
040 _aARTS
_cARTS
_beng
041 _2eng
_aeng
082 _aU:6:N3, J1
100 _aBrookws L
_993481
245 0 _aRegional geography of Africa ed by James Fairgrieve
260 _c1951
650 _aGEOGRAPHY
942 _hU:6:N3, J1
_cTEXL
_2CC
999 _c211910
_d211910